000
00228nam a2200097Ia 4500
008
240331s9999 xx 000 0 und d
082
_b
FEM
100
_a
Meyers, D.T. ed
245
0
_a
Feminist social thought :
_b
a reader
942
_c
L
999
_c
1754
_d
1754